000 00341pab a2200145 454500
008 180718b1990 xxu||||| |||| 00| 0 eng d
100 _aMurugesan, R.P.K.
245 _aTrade union research in India
260 _c1990
300 _a6-7
362 _a3 Dec.
650 _aLabour Unions - India
773 _aIndian Worker
909 _a12287
999 _c12287
_d12287